| 000 | 00400nam a2200133Ia 4500 | ||
|---|---|---|---|
| 003 | GCL | ||
| 008 | 140319s9999 xx 000 0 eng d | ||
| 040 |
_aGCL / _cGCL |
||
| 082 | 0 | 4 |
_a641.37 _bM S |
| 100 | 1 | _aMARSHALL,ROLERT T | |
| 245 | 1 | 0 |
_aSTANDRD METHODS FOR THE EXAMIATION OF DAIRY PRODUCTS / _cMARSHALL,ROLERT T |
| 260 |
_a[S.N] : _bAMERICAN PUBLIC HEALTH ASSOCIATION ، _c1992 |
||
| 300 | _a546 P | ||
| 999 |
_c16347 _d16347 |
||